| 000 | 00853nam a2200217 i 4500 | ||
|---|---|---|---|
| 001 | bg | ||
| 245 | 0 | 0 |
_aTraktat dotyczący przystąpienia Królestwa Hiszpanii i Republiki Portugalskiej do Europejskiej Wspólnoty Gospodarczej i Europejskiej Wspólnoty Energii Atomowej : _bzałączniki.(Cz.1) / _cUrząd Komitetu Integracji Europejskiej. |
| 260 |
_aWarszawa : _bUKIE, _c2004. |
||
| 300 |
_a193, [1] s. ; _c24 cm. |
||
| 500 | _aTł. z jęz. ang., niem., franc. Na grzb. nr kol. tomu: 5. | ||
| 650 | 9 |
_aUmowy międzynarodowe _zEuropa |
|
| 650 | 9 |
_aPrawo wspólnotowe europejskie _ystan na 2004 r. |
|
| 710 | 0 | _aUrząd Komitetu Integracji Europejskiej | |
| 020 | _a8389972355 | ||
| 040 | _cBPK | ||
| 041 | 1 |
_apol _henggerfra |
|
| 080 | _a341.12(4-67)(094.4) | ||
| 920 | _a83-89972-35-5 | ||
| 942 | _cKS | ||
| 008 | s pl f |000 0 pol | ||
| 999 |
_c46083 _d46083 |
||
| 856 |
_uhttp://koha.tu.koszalin.pl/cgi-bin/koha/opac-detail.pl?biblionumber=46083 _yKatalog online BPK |
||